|
|
|
|
| LEADER |
00000nam a2200000 a 4500 |
| 001 |
vtls001086602 |
| 003 |
SK-MaSNL |
| 005 |
20260302064054.0 |
| 008 |
251124s1798 DE 0 ger |
| 035 |
|
|
|a SNK000029442
|
| 040 |
|
|
|a SNK
|b slo
|c SNK
|e AACR2
|
| 041 |
0 |
|
|a ger
|
| 044 |
|
|
|a DE
|
| 100 |
1 |
|
|a Archenholtz, Johann Wilhelm von,
|d 1741-1812
|4 aut
|9 241407
|
| 245 |
1 |
0 |
|a Annalen der Britischen Geschichte des Jahrs 1795
|b Als eine Fortsetzung des Werks England und Italien von J. W. Archenholz
|c Archenholz, Johann Wilhelm von
|n Bd. 16
|
| 260 |
|
|
|a Tübingen
|b im Verlag der J. G. Gottaschen Buchhandlung
|c 1798
|
| 300 |
|
|
|a [4], 388 s.
|c 8°
|
| 958 |
|
|
|a ONDV
|
| 958 |
|
|
|a RK
|
| 999 |
|
|
|c 1135635
|d 1137565
|
| 952 |
|
|
|t P60, <04>, [BOOK], {604}
|a SNK
|b SNK
|y VYP
|7 0
|o snkID 65644/16
|i snkF 451/76
|0 0
|1 0
|4 0
|d 1995-11-22
|l 0
|r 2004-12-31 00:00:00
|w 2026-02-24
|